Heads up psychology /

" ... Explores the big ideas from all areas of psychology including psychoanalysis, intelligence, and mental disorders."--Amazon.com.

Bibliographic Details
Main Author: Weeks, Marcus (Author)
Format: Book
Language:English
Published: New York, New York : DK Publishing, 2014.
Edition:First American edition.
Subjects:
Online Access:Publisher description

MARC

Tag First Indicator Second Indicator Subfields
LEADER 00000cam a2200000Ii 4500
001 in00003530261
005 20150618145401.0
008 131010s2014 nyua 001 0 eng d
010 |a  2012289915 
035 |a (OCoLC)ocn859883024 
040 |a YDXCP  |b eng  |e rda  |c YDXCP  |d BTCTA  |d BDX  |d CLE  |d ZQP  |d OCP  |d NYP  |d CGP  |d AU@  |d OCLCQ  |d INR  |d OCLCO  |d OCLCF  |d ABG  |d GZI  |d QBX  |d BUR 
019 |a 879306425 
020 |a 9781465419934 :  |c $15.99 
020 |a 1465419934 
029 1 |a AU@  |b 000052753528 
029 1 |a NZ1  |b 15380583 
035 |a (OCoLC)859883024 
050 1 4 |a BF145  |b .W43 2014 
082 0 4 |a 150  |2 23 
082 0 4 |a 158.1  |2 23 
049 |a TXAM 
100 1 |a Weeks, Marcus,  |e author. 
245 1 0 |a Heads up psychology /  |c written by Marcus Weeks ; consultant, Dr. John Mildinhall. 
246 3 0 |a Psychology 
250 |a First American edition. 
264 1 |a New York, New York :  |b DK Publishing,  |c 2014. 
300 |a 160 pages :  |b illustrations (some color) ;  |c 25 cm 
336 |a text  |b txt  |2 rdacontent 
337 |a unmediated  |b n  |2 rdamedia 
338 |a volume  |b nc  |2 rdacarrier 
500 |a Includes index. 
505 0 |a What makes me tick? -- What does my brain do? -- How does my mind work? -- What makes me unique? -- Where do I fit in? 
505 0 |a What is psychology? -- What do psychologists do? -- Research methods -- What makes me tick? Who needs parents, anyway? ; Can't you just grow up? ; Can you be molded? ; You don't need no education ; Biography : Ivan Pavlov ; Live and learn ; Why did you behave like that? ; Do you know what's right and wrong? ; Biography : Mary Ainsworth ; Is it never too late? ; Developmental psychology in the real world -- What does my brain do? Is your mind different from your brain? ; What goes on in your brain? ; What can brain damage tell us? ; Biography : Santiago Ramón y Cajal ; What is consciousness? ; Biography : Vilanayur Ramachandran ; Dream on-- ; Biological psychology in the real world -- How does my mind work? What is knowledge? ; Decisions, decisions, decisions ; Why do you remember stuff? ; Biography : Elizabeth Loftus ; How are memories stored? ; Don't trust your memory ; Information overload? ; Biography : Donald Broadbent ; Watch your language! ; Are you fooling yourself? ; How do you make sense of the world? ; Don't believe your eyes ; Cognitive psychology in the real world -- What makes me unique? What makes you so special? ; What are you like? ; Biography : Gordon Allport ; So you think you're smart? ; Why are you so moody? ; What motivates you? ; Do personalities change? ; Feeling down? ; What makes an addict? ; Biography : Sigmund Freud ; What is normal? ; Are you insane? ; Is anyone really evil? ; It's good to talk ; Is therapy the answer? ; Don't worry, be happy! ; Psychology of difference in the real world -- Where do I fit in? Would you follow the crowd? ; Why do good people do bad things? ; Don't be so selfish! ; Biography : Solomon Asch ; Attitude problem? ; The power of persuasion ; What makes you angry? ; Biography : Stanley Milgram ; Are you in the in crowd? ; What makes a winning team? ; Can you perform under pressure? ; Do guys think like girls? ; Why do people fall in love? ; Social psychology in the real world. 
520 |a " ... Explores the big ideas from all areas of psychology including psychoanalysis, intelligence, and mental disorders."--Amazon.com. 
650 0 |a Psychology  |v Popular works. 
650 0 |a Human behavior. 
650 7 |a Human behavior.  |2 fast  |0 (OCoLC)fst00962811 
650 7 |a Psychology.  |2 fast  |0 (OCoLC)fst01081447 
655 7 |a Popular works.  |2 fast  |0 (OCoLC)fst01423846 
856 4 2 |3 Publisher description  |u http://catdir.loc.gov/catdir/enhancements/fy1407/2012289915-d.html  |t 0 
938 |a Brodart  |b BROD  |n 108333779 
938 |a Baker and Taylor  |b BTCP  |n BK0013894977 
938 |a YBP Library Services  |b YANK  |n 11224491 
938 |a Quality Books, Inc.  |b QUAL  |n a 12289915 
947 |a A14842874241 
945 |a PromptCat  |b 226340 
946 |a curr 
994 |a 92  |b TXA 
948 |a Cataloged  |b h  |c 2015/6/18  |d c  |e AReeder 
999 f f |s f9f0370f-9c7f-3299-8b6c-e75c78cb082e  |i bf27c812-f03a-3c84-9843-d407133e2c98  |t 0 
952 f f |p normal  |a Texas A&M University  |b College Station  |c Sterling C. Evans Library  |d Evans: Curriculum Collection (4th floor)  |t 0  |e BF145 .W43 2014  |h Library of Congress classification  |i unmediated -- volume  |m A14842874241 
998 f f |a BF145 .W43 2014  |t 0  |l Evans: Curriculum Collection (4th floor)